Bill Murray Movies - Sudden Death - Statistics

General Stats
  • This quiz has been taken 854 times
  • The average score is 5 of 14
Answers on the Grid
Answers color-coded by a green-red scale on the quiz's grid according to % correct below.
Caddyshack
Stripes
Ghostbusters
Little Shop of Horrors
Scrooged
Groundhog Day
Rushmore
Garfield
The Jungle Book
St. Vincent
The Life Aquatic with Steve Zissou
Lost in Translation
Fantastic Mr. Fox
The Monuments Men
How Do You Know
Batman
Mars Attacks!
The Bucket List
Asteroid City
Bottle Rocket
Parks and Recreation
Saturday Night Live
Extreme Ghostbusters
Shrek
Tropic Thunder
Scott Pilgrim vs. the World
Something's Gotta Give
As Good As It Gets
Home Alone
The Santa Clause
 
Answer Stats
Answer % Correct
Groundhog Day
68%
Ghostbusters
67%
Lost in Translation
54%
Scrooged
52%
Caddyshack
50%
Stripes
42%
The Life Aquatic with Steve Zissou
38%
Garfield
35%
Rushmore
28%
The Monuments Men
22%
St. Vincent
21%
Fantastic Mr. Fox
19%
Little Shop of Horrors
17%
The Jungle Book
12%
No matching quizzes found
Score Distribution
Percent of People with Each Score
Percentile by Number Answered
Your Score History
You have not taken this quiz